00624nam a2200169Ia 4500020001500000020001500015082001600030100002300046245009300069260004800162300001300210546001200223700001600235942001200251999001900263952017200282 a8171582028 a8171582176 a330bROY/EN aRoy Chowdhury, S K aEncyclopaedia of economic development V.15:bagriculture, productivity and rural economy aNew DelhibAkashdeep Publishing Housec1991 axi,339p. aEnglish aShukla, P R 2ddccBK c161661d161661 00102ddc40708GenaKAUCLVbKAUCLVcGENERALd2018-09-10l0o330 ROY/ENp906195r2018-09-10 00:00:00w2018-09-10yBKzBook transferred from CoH Library, Acc.No: 23590